000 00688nam a22002417a 4500
003 UA-OsUOA
001 41733
007 ta
008 20061011b un ||||| |||| 00| 0 ukr d
100 _aЯрошенко І. С.
090 _a347.9(075.8)
_bЯ77
942 _cBK
040 _aUA-OsUOA
_bukr
_cUA-OsUOA
_dUA-OsUOA
245 _aЦивільне процесуальне право
_bНавчально-методичний посібник
300 _a159 с.
955 _a2
041 _aukr
080 _a347.9(075.8)
020 _a966-574-438-0
260 _aК.
_c2003
650 7 _a347 Цивільне право. Судовий устрій
_2UDC
999 _c327873
_d327873